[Event "22nd EUR-ch (w)"]
[Site "Prague CZE"]
[Date "2022.08.23"]
[Round "4.23"]
[White "Rapport, Jovana"]
[Black "Toncheva, Nadya"]
[Result "1/2-1/2"]
[WhiteElo "2294"]
[BlackElo "2164"]
[EventDate "2022.08.20"]
[PlyCount "84"]

1.e4 c5 2.Nf3 e6 3.c4 Nc6 4.Nc3 e5 5.a3 g6 6.d3 Bg7 7.b4 cxb4 8.axb4 Nge7 
9.b5 Nd4 10.Nxd4 exd4 11.Ne2 O-O 12.Bb2 Qb6 13.Qa4 f5 14.c5 Qe6 15.Bxd4 
Bxd4 16.Qxd4 b6 17.cxb6 Bb7 18.bxa7 fxe4 19.dxe4 Bxe4 20.f3 Bb7 21.Kf2 Nf5
22.Qa4 Qe3+ 23.Ke1 Rfe8 24.Qa3 Qe5 25.Kf2 Ne3 26.Qc3 Qd6 27.Qd4 Qc7 28.Ra3
Nf5 29.b6 Qd8 30.Qb4 Rc8 31.Rc3 Qg5 32.Qb3+ d5 33.a8=Q Rxa8 34.Rc7 Qh4+ 
35.g3 Rxe2+ 36.Bxe2 Qd4+ 37.Kg2 Ne3+ 38.Kh3 Qe5 39.g4 Rf8 40.Rxb7 h5 41.
Qd3 hxg4+ 42.fxg4 Qh8+ 1/2-1/2

[Event "22nd EUR-ch (w)"]
[Site "Prague CZE"]
[Date "2022.08.23"]
[Round "4.24"]
[White "Hajiyeva, Laman"]
[Black "Belenkaya, Dina"]
[Result "1-0"]
[WhiteElo "2042"]
[BlackElo "2293"]
[EventDate "2022.08.20"]
[PlyCount "131"]

1.e4 c6 2.c4 d5 3.exd5 cxd5 4.cxd5 Nf6 5.Nc3 Nxd5 6.Nf3 Nxc3 7.bxc3 Qc7 8.
Ba3 g6 9.Qa4+ Nc6 10.Bb5 Bg7 11.O-O O-O 12.Rfe1 Bf6 13.d4 Be6 14.Bxc6 Qxc6
15.Qxc6 bxc6 16.Ne5 Rfc8 17.Bc5 Rc7 18.a4 Bg5 19.Nf3 Bf4 20.c4 Bxc4 21.
Bxe7 Bd5 22.Bc5 f6 23.Rab1 Kf7 24.Rb2 Rg8 25.a5 Bc4 26.g3 Bh6 27.Reb1 Rd8 
28.Rb7 Rdd7 29.Rb8 Bb5 30.Re1 Rb7 31.Rh8 Bg7 32.Ra8 Bd3 33.Ra1 a6 34.Ne1 
Bb5 35.Nc2 f5 36.Re1 Bc4 37.Nb4 Bxd4 38.Nxc6 Bf6 39.Bb6 Bd5 40.Rc8 Kg7 41.
Nb4 Be4 42.Nxa6 Be7 43.Nc5 Bxc5 44.Bxc5 Bd3 45.Rce8 Rb3 46.f3 h5 47.R8e7+ 
Rxe7 48.Rxe7+ Kg8 49.Ra7 Rb1+ 50.Kf2 Ra1 51.Ke3 Bf1 52.Kf4 Be2 53.Kg5 Bxf3
54.Kxg6 Rd1 55.Rg7+ Kh8 56.Re7 Bc6 57.a6 Rd8 58.a7 Kg8 59.Rg7+ Kh8 60.Rc7 
Be4 61.Bd4+ Kg8 62.Rg7+ Kf8 63.Bc5+ Ke8 64.Re7+ Kf8 65.Rxe4+ Kg8 66.Rb4 
1-0

[Event "22nd EUR-ch (w)"]
[Site "Prague CZE"]
[Date "2022.08.23"]
[Round "4.25"]
[White "Javakhishvili, Lela"]
[Black "Eric, Jovana"]
[Result "0-1"]
[WhiteElo "2476"]
[BlackElo "2244"]
[EventDate "2022.08.20"]
[PlyCount "126"]

1.d4 d5 2.c4 c6 3.Nf3 Nf6 4.Qb3 dxc4 5.Qxc4 Bf5 6.g3 e6 7.Bg2 Nbd7 8.O-O 
Be7 9.e3 O-O 10.Rd1 h6 11.Qe2 Ne4 12.Nfd2 Ndf6 13.Nb3 a5 14.f3 a4 15.N3d2 
Nxd2 16.Bxd2 Bg6 17.Na3 b5 18.Be1 Qb6 19.Bf2 Rfd8 20.e4 Rac8 21.Rac1 Qb8 
22.Rd2 e5 23.Bh3 Nd7 24.Rcd1 Bb4 25.Rd3 Qc7 26.Rc1 Rb8 27.Rdd1 Bxa3 28.
bxa3 exd4 29.Bxd4 Ne5 30.Bxe5 Qxe5 31.Rxc6 Rxd1+ 32.Qxd1 Qb2 33.Qd6 Re8 
34.Bf1 Kh7 35.Qd3 Qxa2 36.Qxb5 Rd8 37.Rc3 Rd2 38.Qc4 Qa1 39.Re3 Rd1 40.Kg2
Rc1 41.Qa6 Rc2+ 42.Be2 Qd4 43.Kf2 Rc3 44.Bd3 Rxa3 45.Qc4 Qb6 46.Ke2 Ra1 
47.Bc2 a3 48.Qc3 Qa6+ 49.Bd3 Ra2+ 50.Kf1 Qa4 51.Be2 f6 52.Qc4 Ra1+ 53.Kg2 
Qa7 54.Qc3 Re1 55.Qxe1 Qxe3 56.Qf1 Qd2 57.Kh3 Qb2 58.Bc4 a2 59.Qd3 a1=Q 
60.Qd8 h5 61.Qg8+ Kh6 62.Qh8+ Bh7 63.Bg8 Qf1+ 0-1

[Event "22nd EUR-ch (w)"]
[Site "Prague CZE"]
[Date "2022.08.23"]
[Round "4.26"]
[White "Melia, Salome"]
[Black "Paramzina, Anastasya"]
[Result "1-0"]
[WhiteElo "2384"]
[BlackElo "2216"]
[EventDate "2022.08.20"]
[PlyCount "121"]

1.e4 c5 2.Nf3 d6 3.d4 Nf6 4.Nc3 cxd4 5.Nxd4 a6 6.Bg5 Nbd7 7.Bc4 Qb6 8.Bb3 
e6 9.Bxf6 Nxf6 10.Qd2 Nd7 11.O-O-O Nc5 12.f4 Bd7 13.Kb1 O-O-O 14.f5 Be7 
15.fxe6 fxe6 16.Bxe6 Nxe6 17.Nd5 Qxd4 18.Nxe7+ Kb8 19.Qxd4 Nxd4 20.Rxd4 
Rde8 21.Nf5 Bxf5 22.exf5 Re2 23.g4 Rhe8 24.a3 Rg2 25.h3 Ree2 26.Rxd6 Rxc2 
27.Rb6 Kc7 28.Rb3 b5 29.Rc1 Rxc1+ 30.Kxc1 h5 31.gxh5 Kd6 32.Re3 Rg5 33.
Re6+ Kc5 34.Rxa6 Rxh5 35.Rg6 Rxh3 36.Rxg7 Rf3 37.Rf7 Kc4 38.f6 Rf2 39.Rf8 
Kb3 40.Rb8 Kc4 41.Rf8 Kb3 42.Rb8 Kc4 43.Rb6 Kc5 44.Ra6 Kd4 45.b4 Kd3 46.
Rd6+ Ke4 47.Rb6 Rf3 48.Rxb5 Rxa3 49.f7 Rf3 50.Rb7 Kd5 51.Kd2 Kc6 52.Re7 
Kb5 53.Ke2 Rf6 54.Kd3 Kxb4 55.Kd4 Rf1 56.Rb7+ Ka5 57.Ke5 Ka6 58.Rd7 Kb6 
59.Ke6 Re1+ 60.Kf6 Kc6 61.Rd8 1-0

[Event "22nd EUR-ch (w)"]
[Site "Prague CZE"]
[Date "2022.08.23"]
[Round "4.27"]
[White "Richterova, Natasa"]
[Black "Sargsian, Anna M."]
[Result "0-1"]
[WhiteElo "2215"]
[BlackElo "2378"]
[EventDate "2022.08.20"]
[PlyCount "66"]

1.Nf3 d5 2.c4 d4 3.e3 Nc6 4.b4 dxe3 5.fxe3 Nxb4 6.Nc3 c5 7.a3 Na6 8.Ne5 
Nf6 9.d4 e6 10.d5 Bd6 11.Qa4+ Nd7 12.Nf3 O-O 13.Ne4 Nb6 14.Qd1 exd5 15.
cxd5 Nc7 16.Be2 Re8 17.Nxd6 Qxd6 18.O-O Qxd5 19.Qc2 Bf5 20.Qc3 f6 21.a4 
Qc6 22.Ng5 Bg6 23.Bf3 Ncd5 24.Qd2 Rad8 25.Nh3 Be4 26.Bxe4 Rxe4 27.a5 Nc4 
28.Qd3 Rg4 29.Qe2 Ne5 30.Bb2 Nxe3 31.Rf2 N5c4 32.Rc1 Rd2 33.Rxc4 Rxe2 0-1

[Event "22nd EUR-ch (w)"]
[Site "Prague CZE"]
[Date "2022.08.23"]
[Round "4.28"]
[White "Martynkova, Olena"]
[Black "Balajayeva, Khanim"]
[Result "1/2-1/2"]
[WhiteElo "2182"]
[BlackElo "2344"]
[EventDate "2022.08.20"]
[PlyCount "59"]

1.d4 d5 2.Bf4 Nf6 3.e3 c5 4.Nf3 Nc6 5.Nbd2 Nh5 6.dxc5 Nxf4 7.exf4 g6 8.Bd3
Bh6 9.g3 Qa5 10.O-O Qxc5 11.c3 O-O 12.Re1 Bg4 13.Be2 Rfd8 14.Nb3 Qb6 15.
Ne5 Bxe2 16.Qxe2 e6 17.Rad1 Rac8 18.h4 Bg7 19.h5 Qa6 20.Qxa6 bxa6 21.hxg6 
hxg6 22.Nxc6 Rxc6 23.Re4 Rb8 24.Ra4 Kf8 25.Rd2 Ke8 26.Kg2 Rbc8 27.Na5 Rb6 
28.Nb3 Rbc6 29.Na5 Rb6 30.Nb3 1/2-1/2

[Event "22nd EUR-ch (w)"]
[Site "Prague CZE"]
[Date "2022.08.23"]
[Round "4.29"]
[White "Kanakova, Natalie"]
[Black "Zimina, Olga"]
[Result "1-0"]
[WhiteElo "2171"]
[BlackElo "2340"]
[EventDate "2022.08.20"]
[PlyCount "91"]

1.Nf3 d5 2.c4 e6 3.e3 Nf6 4.b3 a6 5.Bb2 c5 6.Nc3 Nc6 7.cxd5 exd5 8.d4 Bd6 
9.Be2 O-O 10.O-O Re8 11.Rc1 cxd4 12.Nxd4 Ne5 13.h3 Bb8 14.Qc2 Nc6 15.Nf3 
Be6 16.Rfd1 Qe7 17.a3 Bd6 18.b4 a5 19.b5 Ne5 20.Nxe5 Bxe5 21.Bf3 Rec8 22.
Qd2 Rd8 23.Ne2 Ne4 24.Qc2 Rac8 25.Qb1 Rxc1 26.Qxc1 Bd6 27.Nc3 Rc8 28.Qa1 
Ng5 29.Bxd5 Nxh3+ 30.gxh3 Qg5+ 31.Kf1 Bxh3+ 32.Ke2 Bg4+ 33.f3 Bc5 34.Bc1 
Bh5 35.Rf1 Qe5 36.Be4 f5 37.Qa2+ Kh8 38.Qd5 Qxc3 39.Qxf5 Qc4+ 40.Kf2 Qa2+ 
41.Kg1 Qg8 42.Qxh5 Bb6 43.Bd2 Rc5 44.Qh3 Rg5+ 45.Kf2 Rxb5 46.Bxh7 1-0

[Event "22nd EUR-ch (w)"]
[Site "Prague CZE"]
[Date "2022.08.23"]
[Round "4.30"]
[White "Pavlidou, Ekaterini"]
[Black "Beydullayeva, Govhar"]
[Result "0-1"]
[WhiteElo "2158"]
[BlackElo "2339"]
[EventDate "2022.08.20"]
[PlyCount "112"]

1.d4 Nf6 2.c4 e6 3.Nc3 Bb4 4.e3 O-O 5.Bd2 d5 6.Nf3 Nbd7 7.Rc1 c6 8.Bd3 Re8
9.a3 Bd6 10.cxd5 exd5 11.Qc2 Qe7 12.O-O Ne4 13.Be1 Ndf6 14.h3 g6 15.Ne2 
Bd7 16.b4 Nh5 17.Bc3 Nxc3 18.Qxc3 Ng7 19.Nd2 Bf5 20.Nb3 Qg5 21.Kh1 Qh4 22.
Bxf5 Nxf5 23.Nc5 Re7 24.Nxb7 Rxb7 25.Qxc6 Rab8 26.Qxd5 Qh5 27.Qa2 a5 28.e4
Nh4 29.e5 Be7 30.f4 axb4 31.axb4 Rxb4 32.Ng3 Qh6 33.Rf2 Rb3 34.Kh2 Rxg3 
35.Kxg3 Nf5+ 36.Kh2 Bh4 37.Qa7 Bg3+ 38.Kh1 Rd8 39.Qb6 Rf8 40.Rf3 Bxf4 41.
Rcc3 Qh4 42.Qb1 Nxd4 43.Rfd3 Bxe5 44.Ra3 Qf4 45.Qg1 Ne2 46.g3 Qf5 47.Qg2 
Nxg3+ 48.Rxg3 Bxg3 49.Rxg3 Re8 50.Kh2 Qf4 51.Qf3 Qe5 52.h4 Rd8 53.h5 Rd2+ 
54.Kh3 Qe6+ 55.Qg4 Qxg4+ 56.Rxg4 Kg7 0-1

[Event "22nd EUR-ch (w)"]
[Site "Prague CZE"]
[Date "2022.08.23"]
[Round "4.31"]
[White "Zhukova, Natalia"]
[Black "Lach, Aleksandra"]
[Result "1/2-1/2"]
[WhiteElo "2335"]
[BlackElo "2152"]
[EventDate "2022.08.20"]
[PlyCount "130"]

1.d4 d5 2.c4 c6 3.Nf3 Nf6 4.Nc3 a6 5.c5 g6 6.Bf4 Nh5 7.Be5 f6 8.Bg3 Bg7 9.
Qb3 Nxg3 10.hxg3 f5 11.O-O-O e6 12.Na4 Nd7 13.Qe3 Qe7 14.Ne5 Bxe5 15.dxe5 
b5 16.cxb6 Rb8 17.Kb1 Nxb6 18.Nxb6 Qb4 19.Rh4 Qxb6 20.Qxb6 Rxb6 21.Rc1 h5 
22.e3 Rh7 23.Bd3 Rhb7 24.b3 Rc7 25.Rc5 Kd7 26.Kc2 Ra7 27.Kd2 Kc7 28.Ra4 
Rb8 29.b4 Kb6 30.Ra3 Bd7 31.Rca5 Rba8 32.Rc3 Rh8 33.Rc1 Rb8 34.Ke2 Rh8 35.
Kf3 g5 36.Ke2 h4 37.Rh1 Bc8 38.Rc5 a5 39.Rxa5 Rxa5 40.bxa5+ Kxa5 41.f4 Rg8
42.fxg5 hxg3 43.Rb1 Ba6 44.Bxa6 Kxa6 45.Rh1 Rxg5 46.Rh6 Rg4 47.Rxe6 Kb6 
48.Rf6 Re4 49.Rxf5 d4 50.Rf3 Rxe5 51.Rxg3 c5 52.Kd2 dxe3+ 53.Rxe3 Rg5 54.
g3 Kb5 55.Ke2 c4 56.Kd2 Kb4 57.a3+ Ka4 58.Ke2 Rg8 59.Kf3 Rf8+ 60.Kg2 Rg8 
61.Kf3 Rf8+ 62.Ke2 Rg8 63.Kd2 Rg5 64.Kc3 Rg4 65.Kd2 Rg5 1/2-1/2

[Event "22nd EUR-ch (w)"]
[Site "Prague CZE"]
[Date "2022.08.23"]
[Round "4.32"]
[White "Rodshtein, Tereza"]
[Black "Garcia Martin, Marta"]
[Result "0-1"]
[WhiteElo "2154"]
[BlackElo "2305"]
[EventDate "2022.08.20"]
[PlyCount "98"]

1.e4 c5 2.Nf3 Nc6 3.d4 cxd4 4.Nxd4 Nf6 5.Nc3 d6 6.Be2 g6 7.O-O Bg7 8.Nb3 
O-O 9.Be3 a6 10.f4 b5 11.Bf3 Bb7 12.Qe1 Nd7 13.Rd1 b4 14.Na4 Qc7 15.Qf2 
Rab8 16.Nb6 Bxb2 17.e5 Nxb6 18.Bxb6 Qc8 19.exd6 exd6 20.Rxd6 Ne7 21.Nd4 
Bxf3 22.Nxf3 Nf5 23.Rd3 Qc6 24.Ba7 Rbc8 25.Re1 a5 26.g4 Nd6 27.Ne5 Bxe5 
28.fxe5 Nb5 29.Be3 Qxc2 30.Rd2 Qe4 31.Bf4 Qc4 32.Rf1 Nc3 33.Qf3 Qe4 34.
Qxe4 Nxe4 35.Rd5 Rc5 36.Rd7 g5 37.Be3 Rxe5 38.Bd4 Re6 39.Ra7 Rd8 40.Bb2 f6
41.Rxa5 Rd2 42.Ba1 Rc6 43.Ra8+ Kf7 44.Be5 Rcc2 45.Ra7+ Kg6 46.Ra6 Rg2+ 47.
Kh1 Rxg4 48.Bxf6 Nf2+ 49.Rxf2 Rc1+ 0-1

[Event "22nd EUR-ch (w)"]
[Site "Prague CZE"]
[Date "2022.08.23"]
[Round "4.33"]
[White "Sandu, Mihaela"]
[Black "Kazarian, Anna-Maja"]
[Result "1/2-1/2"]
[WhiteElo "2297"]
[BlackElo "2139"]
[EventDate "2022.08.20"]
[PlyCount "71"]

1.e4 e6 2.d4 d5 3.Nd2 c5 4.Ngf3 cxd4 5.Nxd4 Nc6 6.Bb5 Bd7 7.Nxc6 bxc6 8.
Bd3 Bd6 9.Qe2 Qc7 10.Nf3 Ne7 11.O-O e5 12.Nh4 f5 13.f3 O-O 14.c4 f4 15.Qc2
Bc5+ 16.Kh1 Qd6 17.Bd2 Rf6 18.g4 g5 19.Nf5 Bxf5 20.gxf5 dxe4 21.Bxe4 Qd7 
22.Bc3 Bd4 23.Bxd4 exd4 24.Rg1 h6 25.Rad1 Rb8 26.Qd2 Kf7 27.Qxd4 Qxd4 28.
Rxd4 Rxb2 29.Rd7 Ke8 30.Rxa7 Rd6 31.Re1 Rdd2 32.Bxc6+ Kf8 33.Raxe7 Rxh2+ 
34.Kg1 Rhg2+ 35.Kh1 Rh2+ 36.Kg1 1/2-1/2

[Event "22nd EUR-ch (w)"]
[Site "Prague CZE"]
[Date "2022.08.23"]
[Round "4.34"]
[White "Schulze, Lara"]
[Black "Spanko, Nadia"]
[Result "1-0"]
[WhiteElo "2297"]
[BlackElo "2136"]
[EventDate "2022.08.20"]
[PlyCount "55"]

1.e4 e6 2.d4 d5 3.e5 c5 4.c3 Nc6 5.Nf3 a6 6.Bd3 b5 7.O-O Qb6 8.dxc5 Bxc5 
9.b4 Be7 10.a4 bxa4 11.Rxa4 Bb7 12.Na3 a5 13.Be3 Qc7 14.Nb5 Qd8 15.Bc5 
axb4 16.cxb4 Nh6 17.Bxe7 Kxe7 18.Rxa8 Bxa8 19.Qc1 f6 20.Qc5+ Kf7 21.Nd6+ 
Kg8 22.Rc1 Nf7 23.Nxf7 Kxf7 24.Nd4 Ne7 25.Qd6 Qxd6 26.exd6 Nf5 27.Rc7+ Kg6
28.g4 1-0

[Event "22nd EUR-ch (w)"]
[Site "Prague CZE"]
[Date "2022.08.23"]
[Round "4.35"]
[White "Movsesian, Julia"]
[Black "Pipiras, Filipa Fortuna"]
[Result "1/2-1/2"]
[WhiteElo "2291"]
[BlackElo "2135"]
[EventDate "2022.08.20"]
[PlyCount "67"]

1.e4 c5 2.Nc3 e6 3.Nge2 Nc6 4.g3 Nf6 5.Bg2 d5 6.exd5 exd5 7.d4 cxd4 8.Nxd4
Bg4 9.Nce2 Bc5 10.Be3 Qe7 11.Nxc6 bxc6 12.Bxc5 Qxc5 13.O-O O-O 14.Qd3 Rfe8
15.Nd4 Qb6 16.b4 Qxb4 17.Nxc6 Qc5 18.Nd4 Rab8 19.Rfe1 Bh5 20.Nb3 Qb6 21.c4
Bg6 22.Qc3 dxc4 23.Qxc4 h6 24.Rac1 Rxe1+ 25.Rxe1 Qb4 26.Qxb4 Rxb4 27.Re5 
Bc2 28.Ra5 Bxb3 29.axb3 Rxb3 30.Rxa7 Rb1+ 31.Bf1 Rd1 32.Kg2 Rd7 33.Rxd7 
Nxd7 34.f4 1/2-1/2

[Event "22nd EUR-ch (w)"]
[Site "Prague CZE"]
[Date "2022.08.23"]
[Round "4.36"]
[White "Ibrahimova, Sabina"]
[Black "Blagojevic, Tijana"]
[Result "1/2-1/2"]
[WhiteElo "2146"]
[BlackElo "2291"]
[EventDate "2022.08.20"]
[PlyCount "82"]

1.e4 e5 2.Nf3 Nc6 3.Bc4 d6 4.d3 Be7 5.c3 Nf6 6.O-O O-O 7.Re1 Na5 8.Bb5 a6 
9.Ba4 b5 10.Bc2 c5 11.h3 Re8 12.Nbd2 Bf8 13.Nf1 h6 14.d4 exd4 15.cxd4 cxd4
16.Nxd4 Nc4 17.b3 Ne5 18.Bb2 d5 19.exd5 Qxd5 20.Nf5 Qxd1 21.Raxd1 Ned7 22.
Rxe8 Nxe8 23.Re1 Bb7 24.Ne7+ Kh8 25.Ng3 Nc7 26.Nef5 Kg8 27.Nh5 Ne6 28.Rd1 
Ndc5 29.Bb1 a5 30.Rd2 f6 31.Nh4 Rd8 32.Rxd8 Nxd8 33.Ng6 Bd6 34.Ng3 Bxg3 
35.fxg3 Be4 36.Bxe4 Nxe4 37.g4 Nc6 38.Nf4 b4 39.Kf1 Na7 40.Ke2 Nb5 41.Kd3 
Ned6 1/2-1/2

[Event "22nd EUR-ch (w)"]
[Site "Prague CZE"]
[Date "2022.08.23"]
[Round "4.37"]
[White "Hnatyshyn, Anastasiia"]
[Black "Rudzinska, Michalina"]
[Result "0-1"]
[WhiteElo "2061"]
[BlackElo "2287"]
[EventDate "2022.08.20"]
[PlyCount "196"]

1.e4 c6 2.d4 d5 3.Nc3 dxe4 4.Nxe4 Nf6 5.Nxf6+ exf6 6.Be3 Bd6 7.Bd3 O-O 8.
Ne2 Re8 9.O-O Nd7 10.c4 Nf8 11.Qc2 Be6 12.Ng3 Rc8 13.Ne4 Bb8 14.Nc5 g6 15.
Rfe1 f5 16.Qc3 b6 17.Na6 Bd6 18.c5 Be7 19.Bf4 g5 20.Be5 f6 21.Bc7 Rxc7 22.
Nxc7 Qxc7 23.Re2 Bc8 24.Rae1 Ng6 25.cxb6 axb6 26.Bc4+ Kg7 27.Qb3 Rd8 28.
Bf7 Bf8 29.Bg8 Kh8 30.Re8 Rxe8 31.Rxe8 Qd7 32.Qf7 Bg7 33.Qxd7 Bxd7 34.Rb8 
Nf8 35.Bf7 b5 36.b3 Bh6 37.a4 bxa4 38.bxa4 c5 39.a5 cxd4 40.Bd5 d3 41.a6 
d2 42.Rb1 Ne6 43.a7 Nc7 44.Bf3 g4 45.Bd1 Bc6 46.Rb8+ Kg7 47.Rc8 Bf4 48.g3 
Be5 49.Rd8 Nb5 50.a8=Q Bxa8 51.Rxa8 Nc3 52.Bc2 d1=Q+ 53.Bxd1 Nxd1 54.Kg2 
Nc3 55.Ra5 Ne4 56.f4 gxf3+ 57.Kxf3 h5 58.Ra2 Ng5+ 59.Ke3 Ne6 60.Ra6 f4+ 
61.gxf4 Nxf4 62.Ke4 Kg6 63.Ra8 Kg5 64.Ra3 Ng6 65.Rf3 Bf4 66.h3 f5+ 67.Kd5 
Bh2 68.Ke6 f4 69.Rb3 Bg3 70.Rb5+ Kh4 71.Kf7 Kxh3 72.Rxh5+ Nh4 73.Ke6 f3 
74.Rh7 Bf4 75.Ra7 f2 76.Ra1 Kg2 77.Ra2 Kf3 78.Rxf2+ Kxf2 79.Kd5 Ke3 80.Kc4
Ke4 81.Kc5 Nf5 82.Kc4 Be3 83.Kc3 Nd6 84.Kc2 Kd4 85.Kb3 Bd2 86.Kc2 Bc3 87.
Kb3 Kd3 88.Ka3 Kc4 89.Ka4 Ne4 90.Ka3 Nc5 91.Ka2 Kd3 92.Kb1 Kd2 93.Ka2 Kc2 
94.Ka3 Ba5 95.Ka2 Bb4 96.Ka1 Nd3 97.Ka2 Nc1+ 98.Ka1 Bc3# 0-1

[Event "22nd EUR-ch (w)"]
[Site "Prague CZE"]
[Date "2022.08.23"]
[Round "4.38"]
[White "Grineva, Marianna"]
[Black "Antova, Gabriela"]
[Result "0-1"]
[WhiteElo "2006"]
[BlackElo "2269"]
[EventDate "2022.08.20"]
[PlyCount "78"]

1.e4 c5 2.Nf3 d6 3.d4 cxd4 4.Nxd4 Nf6 5.Nc3 a6 6.f3 e6 7.Be3 h5 8.Qd2 Be7 
9.Be2 b5 10.a3 Bb7 11.O-O Nbd7 12.Rfd1 Rc8 13.a4 b4 14.Na2 d5 15.Nxb4 a5 
16.Nd3 dxe4 17.Nf4 O-O 18.Ndxe6 fxe6 19.Nxe6 Qe8 20.Nxf8 Nxf8 21.fxe4 Bxe4
22.Bd3 Bb7 23.Re1 Qc6 24.Re2 Ng4 25.Bb5 Qc7 26.Bf4 Qc5+ 27.Kh1 Ng6 28.h3 
Nxf4 29.Qxf4 Bd6 30.Qd2 Nf6 31.Rae1 Kh8 32.Re6 Bg3 33.R1e2 Qf5 34.Qe3 
Qxh3+ 35.Kg1 Qh2+ 36.Kf1 Rf8 37.Rf2 Bxf2 38.Qxf2 Nd7 39.Bxd7 Qxg2+ 0-1

[Event "22nd EUR-ch (w)"]
[Site "Prague CZE"]
[Date "2022.08.23"]
[Round "4.39"]
[White "Nilssen, Ellen Fredericia"]
[Black "Gueci, Tea"]
[Result "1/2-1/2"]
[WhiteElo "2139"]
[BlackElo "2254"]
[EventDate "2022.08.20"]
[PlyCount "96"]

1.d4 Nf6 2.c4 e6 3.Nc3 Bb4 4.e3 O-O 5.Bd2 c5 6.a3 Bxc3 7.Bxc3 Ne4 8.Rc1 b6
9.Bd3 Nxc3 10.Rxc3 Bb7 11.Nf3 f5 12.O-O Bxf3 13.Qxf3 Nc6 14.d5 Ne5 15.Qe2 
Qf6 16.f4 Ng6 17.Kh1 Rae8 18.dxe6 dxe6 19.Bc2 Rd8 20.Rd1 Rxd1+ 21.Bxd1 Rd8
22.g3 Rd6 23.Bc2 Qd8 24.Rd3 Ne7 25.Qd2 Rxd3 26.Qxd3 Qc7 27.Kg1 Kf7 28.Bd1 
Qc6 29.g4 h6 30.h4 a6 31.Be2 g6 32.g5 hxg5 33.hxg5 Ke8 34.Kf2 e5 35.fxe5 
Qe6 36.Qb3 Qxe5 37.Qxb6 f4 38.exf4 Qxf4+ 39.Ke1 Qc1+ 40.Kf2 Qf4+ 41.Bf3 
Qh4+ 42.Kf1 Qxc4+ 43.Kg2 Qc2+ 44.Kg3 Qb1 45.Qxc5 Qxb2 46.Kh3 Qd2 47.Qe5 
Qd3 48.Kg2 Qc2+ 1/2-1/2

[Event "22nd EUR-ch (w)"]
[Site "Prague CZE"]
[Date "2022.08.23"]
[Round "4.40"]
[White "Milliet, Sophie"]
[Black "Petrova, Irina"]
[Result "1-0"]
[WhiteElo "2391"]
[BlackElo "2127"]
[EventDate "2022.08.20"]
[PlyCount "71"]

1.e4 g6 2.d4 Bg7 3.c4 d6 4.Nc3 Nc6 5.d5 Nd4 6.Be3 e5 7.dxe6 Nxe6 8.Qd2 Nf6
9.Be2 Bd7 10.O-O-O Bc6 11.f3 a6 12.g4 h5 13.g5 Nd7 14.f4 Nec5 15.Bf3 O-O 
16.Nge2 Re8 17.Qc2 b5 18.Nd4 Bb7 19.e5 Bxf3 20.Nxf3 bxc4 21.Nd5 Nd3+ 22.
Kb1 Rb8 23.b3 c6 24.Nf6+ Bxf6 25.gxf6 d5 26.Rxd3 cxd3 27.Qxd3 c5 28.Rg1 
Nf8 29.Bxc5 Qc8 30.Bd6 Rb7 31.f5 Kh8 32.Bxf8 Rxf8 33.fxg6 fxg6 34.Rxg6 
Rff7 35.Ng5 Rh7 36.e6 1-0

[Event "22nd EUR-ch (w)"]
[Site "Prague CZE"]
[Date "2022.08.23"]
[Round "4.42"]
[White "Gaboian, Susanna"]
[Black "Butenandt, Svenja"]
[Result "1-0"]
[WhiteElo "2270"]
[BlackElo "2032"]
[EventDate "2022.08.20"]
[PlyCount "73"]

1.e4 c6 2.c4 d5 3.cxd5 cxd5 4.exd5 Nf6 5.Bb5+ Bd7 6.Bc4 b5 7.Bb3 Bg4 8.Nf3
Nxd5 9.Nc3 Nxc3 10.bxc3 e6 11.d4 Bd6 12.Qd3 a6 13.Qe4 Bxf3 14.Qxf3 Nd7 15.
Bg5 Qc8 16.O-O O-O 17.Rfe1 h6 18.Bd2 Qc7 19.h3 Rac8 20.a4 Nb6 21.axb5 axb5
22.Re4 Nd5 23.Bxd5 exd5 24.Rg4 f5 25.Qxd5+ Qf7 26.Rxg7+ Kxg7 27.Qxd6 Ra8 
28.Bxh6+ Kh7 29.Rd1 Rfd8 30.Qf4 Qh5 31.Re1 Re8 32.Rxe8 Rxe8 33.Bg5 Kg6 34.
Qd6+ Kxg5 35.f4+ Kh4 36.Kh2 Qh8 37.Qg6 1-0

[Event "22nd EUR-ch (w)"]
[Site "Prague CZE"]
[Date "2022.08.23"]
[Round "4.43"]
[White "Van Foreest, Machteld"]
[Black "Tashkinova, Sofiia"]
[Result "1-0"]
[WhiteElo "2235"]
[BlackElo "2011"]
[EventDate "2022.08.20"]
[PlyCount "48"]

1.e4 e6 2.d4 d5 3.Nc3 Nf6 4.e5 Nfd7 5.f4 c5 6.Nf3 b6 7.Be3 Be7 8.Qd2 Ba6 
9.Bxa6 Nxa6 10.O-O Rc8 11.Nb5 Ra8 12.f5 exf5 13.Ng5 h6 14.Nh3 Nc7 15.Nxc7+
Qxc7 16.Nf4 Qc6 17.dxc5 Bxc5 18.Rae1 d4 19.Bf2 Be7 20.Bxd4 Bb4 21.Kf2 Bd6 
22.Ne6 Nc5 23.a3 Na4 24.c4 Nc5 1-0

[Event "22nd EUR-ch (w)"]
[Site "Prague CZE"]
[Date "2022.08.23"]
[Round "4.44"]
[White "Hrebenshchykova, Yelyzaveta"]
[Black "Sedina, Elena"]
[Result "0-1"]
[WhiteElo "2123"]
[BlackElo "2213"]
[EventDate "2022.08.20"]
[PlyCount "98"]

1.e4 e6 2.d4 d5 3.Nc3 Be7 4.e5 c5 5.Qg4 Kf8 6.Nf3 Nc6 7.Qf4 cxd4 8.Nb5 f6 
9.Nbxd4 Nh6 10.exf6 Bxf6 11.Nxc6 bxc6 12.Be3 Nf7 13.Qb4+ Kg8 14.O-O-O Bd7 
15.c3 e5 16.Bc5 e4 17.Nd4 Ne5 18.f3 a5 19.Qa4 exf3 20.Nxf3 Nxf3 21.gxf3 
Kf7 22.Bd3 Qc7 23.Rde1 Rae8 24.Rxe8 Rxe8 25.Kb1 Kg8 26.Qc2 h6 27.Bg6 Rb8 
28.Qd2 Bg5 29.Qd4 Qb7 30.Qf2 Bf6 31.Rc1 a4 32.Bd4 Bxd4 33.cxd4 a3 34.b3 
Rf8 35.Rg1 Bf5+ 36.Bxf5 Rxf5 37.Qe3 Qf7 38.Rg3 Rf6 39.b4 Re6 40.Qd2 Qe7 
41.Rg2 Re1+ 42.Kc2 Re3 43.Rf2 Qg5 44.Kd1 Qg1+ 45.Kc2 Qg6+ 46.Kc1 Rd3 47.
Qe1 Rxd4 48.Rc2 Qg5+ 49.Kb1 Qf5 0-1

[Event "22nd EUR-ch (w)"]
[Site "Prague CZE"]
[Date "2022.08.23"]
[Round "4.45"]
[White "Lhotska, Anna"]
[Black "Terbe, Zsuzsanna"]
[Result "1-0"]
[WhiteElo "2081"]
[BlackElo "2196"]
[EventDate "2022.08.20"]
[PlyCount "83"]

1.e4 e5 2.Nf3 Nc6 3.Bb5 a6 4.Ba4 Nf6 5.O-O Be7 6.Qe2 b5 7.Bb3 d6 8.c3 O-O 
9.Rd1 Na5 10.Bc2 c5 11.d4 Qc7 12.d5 Bd7 13.Nbd2 c4 14.Nf1 Nb7 15.Ng3 g6 
16.h3 Rfe8 17.Bg5 Nc5 18.Qd2 Qd8 19.Be3 Rc8 20.Nh2 Bf8 21.Rf1 Kg7 22.Rae1 
Ng8 23.f4 f6 24.Rf3 Kh8 25.Ref1 Bg7 26.h4 Qe7 27.fxe5 dxe5 28.R3f2 Nb7 29.
Bd1 Nd6 30.h5 f5 31.exf5 gxf5 32.h6 Bf6 33.Nxf5 Nxf5 34.Rxf5 Bxf5 35.Rxf5 
Rcd8 36.Ng4 Qd6 37.Bf3 Rd7 38.Qf2 Rf7 39.Bc5 Qd8 40.Be4 Bh4 41.Rxf7 Bxf2+ 
42.Kxf2 1-0

[Event "22nd EUR-ch (w)"]
[Site "Prague CZE"]
[Date "2022.08.23"]
[Round "4.46"]
[White "Kucharska, Honorata"]
[Black "Svobodova, Michaela"]
[Result "1-0"]
[WhiteElo "2193"]
[BlackElo "1943"]
[EventDate "2022.08.20"]
[PlyCount "71"]

1.e4 c5 2.Nf3 e6 3.d4 cxd4 4.Nxd4 a6 5.c4 Nf6 6.Nc3 Qc7 7.Be3 Bb4 8.Qb3 
Qa5 9.f3 d6 10.Be2 Nc6 11.a3 Bc5 12.Qd1 Bxd4 13.Bxd4 Nxd4 14.Qxd4 Ke7 15.
b4 Qe5 16.Qd2 g5 17.O-O Bd7 18.Rad1 Rag8 19.Rfe1 h5 20.Bf1 Qf4 21.e5 Ne8 
22.exd6+ Kf8 23.Qxf4 gxf4 24.Ne4 h4 25.Nc5 Nf6 26.h3 Rh5 27.Nxb7 e5 28.Kf2
Bc6 29.Nc5 Nd7 30.Nxd7+ Bxd7 31.Rd5 Rhg5 32.Rdxe5 R5g6 33.Rd1 Rg3 34.Re4 
Be6 35.Rxf4 Bxc4 36.Rxc4 1-0

[Event "22nd EUR-ch (w)"]
[Site "Prague CZE"]
[Date "2022.08.23"]
[Round "4.47"]
[White "Polterauer, Chiara"]
[Black "Dvorakova, Olga"]
[Result "0-1"]
[WhiteElo "2183"]
[BlackElo "1921"]
[EventDate "2022.08.20"]
[PlyCount "120"]

1.e4 e5 2.Nf3 Nf6 3.d4 Nxe4 4.Bd3 d5 5.Nxe5 Bd6 6.O-O O-O 7.c4 c6 8.Nc3 
Nxc3 9.bxc3 Qh4 10.Re1 Nd7 11.cxd5 cxd5 12.Qf3 Nf6 13.h3 Be6 14.a4 Rac8 
15.Ba3 Bxa3 16.Rxa3 Ne8 17.Qe3 Nd6 18.Rb3 Rc7 19.Nf3 Qf6 20.Qe5 Qxe5 21.
dxe5 Ne4 22.Nd4 Nc5 23.Bc2 Nxb3 24.Bxb3 Rxc3 25.Rb1 Rfc8 26.Kf1 Rc1+ 27.
Rxc1 Rxc1+ 28.Ke2 Kf8 29.f4 g6 30.g4 Rb1 31.Bc2 Ra1 32.f5 Bd7 33.Bb3 Bc6 
34.h4 Rh1 35.Nf3 gxf5 36.gxf5 Rb1 37.Nd4 h6 38.f6 Bxa4 39.Bxa4 Rb4 40.e6 
Rxa4 41.e7+ Ke8 42.Nf5 Re4+ 43.Kf3 Kd7 44.Nxh6 Rxh4 45.Nxf7 Re4 46.Nd8 b6 
47.Nc6 Re6 48.Nxa7 Rxf6+ 49.Ke3 Kxe7 50.Kd4 Ke6 51.Nb5 Rf4+ 52.Ke3 Re4+ 
53.Kd3 Rc4 54.Na3 Rc5 55.Nb1 b5 56.Nd2 b4 57.Kd4 Kd6 58.Kd3 Rc3+ 59.Kd4 
Rh3 60.Nb1 Rh1 0-1

[Event "22nd EUR-ch (w)"]
[Site "Prague CZE"]
[Date "2022.08.23"]
[Round "4.48"]
[White "Vanduyfhuys, Daria"]
[Black "Ciolacu, Alessia-Mihaela"]
[Result "1-0"]
[WhiteElo "2054"]
[BlackElo "2169"]
[EventDate "2022.08.20"]
[PlyCount "81"]

1.d4 Nf6 2.c4 e6 3.Nf3 d5 4.Nc3 a6 5.Bg5 dxc4 6.a4 Nc6 7.e3 Na5 8.Nd2 Bb4 
9.Bxf6 Qxf6 10.Nxc4 O-O 11.Nxa5 Bxa5 12.Bd3 Bb4 13.O-O b6 14.Qc2 Qh6 15.
Ne4 Ra7 16.f4 f5 17.Ng5 Be7 18.Nf3 c5 19.a5 b5 20.dxc5 b4 21.Rac1 Rc7 22.
c6 Bd6 23.Qe2 Ra7 24.Rfd1 Qf6 25.Bc4 Bc7 26.Ra1 Kh8 27.Qd2 Qe7 28.Qd4 Ra8 
29.Ne5 Kg8 30.Bb3 Rd8 31.Qc4 Rxd1+ 32.Rxd1 Bxa5 33.Nd7 Kf7 34.e4 g6 35.
exf5 gxf5 36.Qd3 Kg7 37.Qd4+ Kh6 38.Qe5 Bd8 39.Rd6 Bxd7 40.cxd7 Kh5 41.
Bd1+ 1-0

[Event "22nd EUR-ch (w)"]
[Site "Prague CZE"]
[Date "2022.08.23"]
[Round "4.49"]
[White "Dolzhykova, Kateryna"]
[Black "Soares, Sara Joana de Moura pe"]
[Result "1-0"]
[WhiteElo "2139"]
[BlackElo "1648"]
[EventDate "2022.08.20"]
[PlyCount "51"]

1.e4 d5 2.exd5 Nf6 3.Bb5+ Bd7 4.Bc4 Bg4 5.f3 Bc8 6.Nc3 Nbd7 7.Nge2 Nb6 8.
b3 Nfxd5 9.Nxd5 Nxd5 10.Bb2 Bf5 11.O-O e6 12.Kh1 Nb6 13.Ng3 Bg6 14.f4 Nxc4
15.bxc4 f6 16.Qf3 Bd6 17.f5 Bf7 18.fxe6 Bxe6 19.Rae1 Kd7 20.Nf5 Qf8 21.
Rxe6 Kxe6 22.Nxg7+ Qxg7 23.Qf5+ Kf7 24.Bxf6 Qg6 25.Qd5+ Ke8 26.Qe6+ 1-0